MDQL
is popping MORE tags! Check the
thread
!
Quizzes
Events
Quiz Creation
Community
Videos
Private Events
Remove Ads
Sign In
Join for FREE
Feedback
Dark Mode
Quiz Categories
Sports
Geography
Music
Movies
Television
Just For Fun
Miscellaneous
History
Literature
Language
Science
Gaming
Entertainment
Religion
Holiday
For Kids
Quiz Lab
Recent
Popular Today
Quiz Kudos Today
Editor Picks
Curator Picks
Quizzes by...
Day
Popularity
Type
Ratings
Length
Year
Community
Subscriptions
Recent Discussions
Orange Saloon
Badges
Playlists
Quests
Create
Leaderboards
Showdown
Live 5
Trivia Bingo
Activity
Puzzle Library
Sporcle Events
Private Events
Virtual Trivia
Globe League
Become a Host
Pub Owners
SporcleCon
Opinionation
Our Games
Videos
Blog
Mobile Apps
Partnerships
Remove Ads and Go Orange
Feedback
Literature
Harry Potter
A Song of Ice and Fire
The Hunger Games
Literary Character
Shakespeare
Book
Author
Novel
Poem
Young Adult
Children's Books
Play
Lord of the Rings
Literature
Harry Potter
A Song of Ice and Fire
The Hunger Games
Literary Character
Shakespeare
Book
Author
Novel
Poem
Young Adult
Children's Books
Play
Lord of the Rings
Random Quiz
Search Sporcle
×
Quiz Lab
Quiz Lab
Literature
Clickable
Select answers by clicking on text or image buttons
Select answers by clicking on text or image buttons
Clickable
Best Score? Go Orange.
Harry Potter Character 10-1 Stats
Can you pick the Harry Potter Character 10-1?
By
CapVikhy
6m
55 Questions
1,741 Plays
1,741 Plays
1,741 Plays
Comments
Comments
Give Quiz Kudos
Give Quiz Kudos
-
- Ratings
hide this ad
Forced Order
Answers have to be entered in order
Answers have to be entered in order
Replay
Link that replays current quiz
Next Quiz
Link to next quiz in quiz playlist
You Got
0%
They Got
Avg Score
78%
Avg Friend Score
Upgrade to see
Score Distribution
Jump to the score distribution portion of the page
Score
0/55
Timer
06:00
0
Plays Today
% Correct
Arthur Weasley
93.7%
Fred Weasley
92%
George Weasley
90.9%
Molly Weasley
89.9%
Hermione Granger
89.8%
Ginny Weasley
89.7%
Sirius Black
89.3%
Ron Weasley
88.4%
Minerva McGonagall
84.8%
Bloody Baron
84.6%
Fat Friar
84.5%
Dolores Umbridge
84.4%
Grey Lady
84.4%
Remus Lupin
84%
Filius Flitwick
83.6%
Pomona Sprout
83.1%
Nicholas de Mimsy Porpington
82.9%
Draco Malfoy
82.7%
Severus Snape
82.6%
Remus Lupin
82.3%
Myrtle Warren
82.1%
Cuthbert Binns
81.7%
Sybill Trelawney
81%
Cuthbert Binns
80.9%
Albus Dumbledore
80.1%
Cho Chang
80.1%
Marcus Flint
79.7%
Rubeus Hagrid
79.4%
% Correct
Igor Karkaroff
79.1%
Gilderoy Lockhart
78.9%
Olympe Maxime
78.5%
Dolores Umbridge
78.4%
Wailing Widow
77.6%
Lord Voldemort
77.5%
Aurora Sinistra
77.1%
Hannah Abbott
76.2%
Ernie Macmillan
75.9%
Luna Lovegood
75.7%
William Weasley
73.9%
Graham Montague
73.6%
Justin Finch-Fletchley
72.6%
Susan Bones
72.2%
Quirinus Quirrell
71.4%
Cassius Warrington
71.3%
Padma Patil
70.7%
Miles Bletchley
70.2%
Lucian Bole
69.9%
Michael Corner
68.6%
Anthony Goldstein
68.3%
Zacharias Smith
66.8%
Patrick Delaney Podmore
66.3%
Agrippa
65.5%
Peregrine Derrick
64.9%
Terry Boot
64.3%
Ptolemy
63.6%
Quiz Playlist
Details
Report
Send in Message
Add To Playlist
Clickable:
Select answers by clicking on text or image buttons
Forced Order:
Answers have to be entered in order
Last Updated: Jan 26, 2018
Quiz Scoreboard
CHALLENGE
Sign Up to Join the Scoreboard
Show All
Scores
Hide
Comments
May contain spoilers
Recently Published
Image Sorting: Flags VI
by Barbecue
Geography
2m
Find the 'City' Movie
by crazypaving
Movies
60s
Colored Red Africa Blitz
by spor1
Geography
45s
More to Explore
Quiz From the Vault
Featured Blog Post
14 Easter Pick-up Lines to Find Eggs With
hide this ad
You Might Also Like...
Tags
Clickable Quiz
Harry Potter Quiz
Dumbledore's Army
Hogwarts
Quidditch
Quidditch Positions
Quidditch World
Today's Top Quizzes in Literature
Browse Literature
hide this ad
Today's Top Quizzes in Clickable
Browse Clickable
Top Contributed Quizzes in Literature
1
Sneaky Slytherin Logic Puzzle
2
Harry Potter logic puzzle: The Hogwarts Soap Opera
3
Harry Potter Slytherin Logic Puzzle
4
Get The Picture: Black or White Literature
5
ASOIAF Siblings Logic Puzzle
6
'Middle' Earth
7
A Song of Ice and Fire Logic Puzzle
8
Harry Potter Logic Puzzle 1
9
Logic Puzzle: Avoid Dumbledore's Army
10
Mini Trivia Sudoku: A Song of Ice and Fire
Explore More
Trending Topics
Crossword
Kpop
NBA
Disney
Anime
Harry Potter
Marvel
NFL
Country
WWE
The Office
Puzzle
Pokémon
Song
Soccer
hide this ad
More By:
CapVikhy
Quiz
Plays
Rating
Category
Featured
Created
An HP Character 10-1
6,351
3.50
Literature
Mar 1, 2017
WWE CountDown
4,864
3.60
Sports
Feb 9, 2017
Harry Potter Groups 10-1 CountDown
3,146
3.68
Literature
Mar 8, 2017
Ultimate WWE Quiz
3,032
4.50
Sports
Feb 15, 2017
Harry Potter Families Groups 10-1 CountDown
2,939
4.08
Literature
Mar 4, 2017
Go to Creator's Profile
Score Distribution
Quiz Creator Spotlight
CapVikhy
Follow
Send a Message
Quizzes Created
-
Created Quiz Play Count
-
More By This Creator
Popular Quizzes Today
1
Colored Red Africa Blitz
2
Find the US States - No Outlines Minefield
3
Find the 'City' Movie
4
5x2 Blitz: Bands
5
The Countries of the World
6
Find the US States
7
Find the Countries of Europe - No Outlines Minefield
8
US States
More Literature Quizzes
Harry Potter Chapter Art Match
Published
Trending Quizzes
Colored Red Europe Blitz I
Colored Red Europe Blitz II
Colored Red Africa Blitz II
Colored Red Europe Blitz III
Colored Red Africa Blitz III
Recently Updated
How Do You Spell That?
pecheneg
Godzilla Movies
pecheneg
Grab Bag: 4-10 Letters
pecheneg
2024 March Madness Bracket
pecheneg
Famous TV Couples
Peacemaker
Champions League XIs: Real Madrid
pecheneg
Largest US Cities 1790-2010
pecheneg
Rides in Walt Disney World
pecheneg
Most Oscar Losses (Acting)
pecheneg
Beyoncé Albums
pecheneg
Trending Topics
Marvel
Kpop
Harry Potter
Anime
NBA
Disney
Crossword
WWE
NFL
Song
Soccer
The Office
Pokémon
Country
Puzzle
Your Account Isn't Verified!
In order to create a playlist on Sporcle, you need to verify the email address you used during registration. Go to your
Sporcle Settings
to finish the process.
Report this User
Report this user for behavior that violates our
Community Guidelines
.
Details:
Send Report
Go to the Sporcle.com Mobile Site →
Comments